|
|
|
|
| LEADER |
00000naa2a2200000 4500 |
| 001 |
611427 |
| 005 |
20231101132645.0 |
| 035 |
|
|
|a (RuTPU)RU\TPU\conf\9179
|
| 035 |
|
|
|a RU\TPU\conf\9176
|
| 090 |
|
|
|a 611427
|
| 100 |
|
|
|a 20150311d2012 k y0rusy50 ca
|
| 101 |
0 |
|
|a rus
|d rus
|
| 102 |
|
|
|a RU
|
| 105 |
|
|
|a y z 100zy
|
| 135 |
|
|
|a drgn ---uucaa
|
| 181 |
|
0 |
|a i
|
| 182 |
|
0 |
|a b
|
| 200 |
1 |
|
|a Алгоритм для многоуровневой безопасности семантических данных
|f Хоанг Ван Кует
|g науч. рук. А. Ф. Тузовский
|
| 203 |
|
|
|a Текст
|c электронный
|
| 215 |
|
|
|a 1 файл (446 Кб)
|
| 225 |
1 |
|
|a Информационная безопасность
|
| 230 |
|
|
|a Электронные текстовые данные (1 файл : 446 Кб)
|
| 300 |
|
|
|a Заглавие с титульного листа.
|
| 320 |
|
|
|a [Библиогр.: с. 279 (3 назв.)]
|
| 330 |
|
|
|a Безопасность семантических данных будем обеспечивать с помощью многоуровневой безопасностью. Рассматривается простой алгоритм метода поддержки работы с онтологическими данными. Рассмотрена многоуровневая безопасность семантических данных. Для определения многоуровневой классификации данных использованы характеристики языка описания ресурсов и онтологий.
|
| 337 |
|
|
|a Adobe Reader
|
| 463 |
|
1 |
|0 (RuTPU)RU\TPU\conf\61
|t Технологии Microsoft в теории и практике программирования
|o сборник трудов IX Всероссийской научно-практической конференции студентов, аспирантов и молодых ученых, 21-22 марта 2012 г., г.Томск
|f Национальный исследовательский Томский политехнический университет (ТПУ), Институт кибернетики ; отв. ред. А. Р. Вахитов
|v [С. 277-279]
|d 2012
|
| 610 |
1 |
|
|a электронный ресурс
|
| 610 |
1 |
|
|a труды учёных ТПУ
|
| 610 |
1 |
|
|a алгоритмы
|
| 610 |
1 |
|
|a многоуровневая безопасность
|
| 610 |
1 |
|
|a семантические данные
|
| 610 |
1 |
|
|a онтология
|
| 610 |
1 |
|
|a RDF
|
| 610 |
1 |
|
|a OWL
|
| 700 |
|
0 |
|a Хоанг Ван Кует
|c вьетнамский специалист в области систем управления
|c аспирант Томского политехнического университета
|f 1985-
|2 stltpush
|3 (RuTPU)RU\TPU\pers\30353
|
| 702 |
|
1 |
|a Тузовский
|b А. Ф.
|c специалист в области информатики и вычислительной техники
|c профессор Томского политехнического университета, доктор технических наук
|f 1952-
|g Анатолий Федорович
|2 stltpush
|4 727
|
| 712 |
0 |
2 |
|a Национальный исследовательский Томский политехнический университет (ТПУ)
|b Институт кибернетики (ИК)
|b Кафедра оптимизации систем управления (ОСУ)
|h 127
|2 stltpush
|3 (RuTPU)RU\TPU\col\18702
|
| 801 |
|
2 |
|a RU
|b 63413507
|c 20150311
|g RCR
|
| 856 |
4 |
|
|u http://www.lib.tpu.ru/fulltext/c/2012/C28/101.pdf
|
| 942 |
|
|
|c BK
|